000 00301nam a22001097a 4500
999 _c167415
_d167415
082 _a
_b
100 _aPrabhaz Chandra Misra
245 _aPalinikayom mein pacheen bharath ki samajik avam aashirk swasthayom/
_cby Prabhaz Chandra Misra.
260 _aNew Delhi:
_bNag,
_c
650 _a
942 _cBK